Word Ladder: Bodies of Water Quiz Stats

 Plays Quiz Updated Apr 7, 2015

Challenge
Share
Tweet
Embed
Score 0/42 Timer 05:00
1 Play Today
Clue 4-Letter Word % Correct
• A body of water •LAKE
97.5%
Request to a genieWISH
95.2%
A fish's breathing organGILL
94.9%
'From Russia ___ Love'WITH
94.8%
A Scottish skirtKILT
94.7%
Pests in your hairLICE
92.9%
12 inchesFOOT
92.3%
To have feelings forLIKE
92.1%
A common seabirdGULL
92.1%
The remnant of an appleCORE
92.1%
The 'shape' of ItalyBOOT
92%
Become limp, like a flowerWILT
91.5%
Vegetable that comes in earsCORN
91%
Put a comment onlinePOST
89.9%
A human-shaped toyDOLL
89.7%
Sit for a photoPOSE
89.7%
A vehicle for waterBOAT
89.4%
One who is easy to trickFOOL
88.7%
RippedTORN
87.8%
Almost all ofMOST
87.8%
The rearBACK
87.6%
Clue 4-Letter Word % Correct
A surveyPOLL
86.6%
Ice skater KaterinaWITT
86.3%
• A body of water •POOL
85.9%
• A body of water •KILL
85.1%
A peaceful birdDOVE
84.8%
• A body of water •MOAT
83.9%
Distribute, with 'out'DOLE
82.2%
A device to prevent openingLOCK
81.5%
• A body of water •COVE
80.9%
A-Ha's '____ on Me'TAKE
79%
Lay out in the sunBASK
77.3%
A dark, rich, strong beerBOCK
73.5%
• A body of water •WASH
73.1%
• A body of water •POND
71.5%
Attack verbally or physicallyBASH
70.2%
Corn breadPONE
70%
• A body of water •GULF
66.8%
A standard weighing deductionTARE
63.8%
• A body of water •TARN
63.4%
• A body of water •LOCH
62.4%
An undead creatureLICH
59.3%

Today's Daily Dose

You're not logged in!

Compare scores with friends on all Sporcle quizzes.
Join for Free
OR
Log In

You Might Also Like...

Show Comments

Extras

Top Quizzes Today


Score Distribution

Your Account Isn't Verified!

In order to create a playlist on Sporcle, you need to verify the email address you used during registration. Go to your Sporcle Settings to finish the process.

Report this User

Report this user for behavior that violates our Community Guidelines.

Details: